[Event "Guimaraes Open 2018"]
[Site "Guimaraes"]
[Date "2018.10.07"]
[Round "6"]
[White "Martins, Bruno Andre Leite"]
[Black "Represa Perez, Mireya"]
[Result "0-1"]
[WhiteElo "2248"]
[BlackElo "2151"]
[Annotator "NA"]
[PlyCount "62"]
[EventDate "2018.10.04"]
[EventType "swiss"]
[EventCountry "POR"]
[SourceTitle "playchess.com"]
[Source "ChessBase"]
[SourceQuality "1"]
[TimeControl "5400+30"]

{[%evp 11,39,12,32767,32767,0,0,-7,-2,8,0,4,8,0,32767,31,13,0,22,32767,3,0,0,22,24,31,57,49,33,32767,53]} 1. e4 {[%emt 0:01:40]} c5 {[%emt 0:00:00]} 2. Nf3 {[%emt 0:00:14]} d6 {[%emt 0:00:00]} 3. d4 {[%emt 0:00:12]} cxd4 {[%emt 0:00:00]} 4. Nxd4 {[%emt 0:00:08]} Nf6 {[%emt 0:00:00]} 5. Nc3 {[%emt 0:00:09]} a6 {[%emt 0:00:00]} 6. Bd3 {[%emt 0:02:10]} e5 {[%emt 0:03:10]} 7. Nf5 {[%emt 0:00:34] B90: Sicilian Najdorf: Unusual White 6th moves, 6 Be3 Ng4 and 6 Be3 e5} (7. Nde2 Be7 8. O-O O-O 9. Ng3 Be6 10. Nd5 Bxd5 11. exd5 g6 12. Bh6 Re8 13. c4 Nbd7 14. b4 Bf8 15. Bg5 h6 16. Bd2 e4 {½-½ (46) Najer,E (2683)-Wojtaszek,R (2738) Batumi 2018}) 7... Bxf5 {[%emt 0:11:32]} 8. exf5 {[%emt 0:00:29]} d5 {[%emt 0:00:30]} 9. Bg5 {[%emt 0:00:11]} Bb4 {[%emt 0:09:28]} 10. O-O {[%emt 0:02:04]} Bxc3 {[%emt 0:00:59]} 11. bxc3 {[%emt 0:00:21]} O-O {[%emt 0:02:06]} 12. c4 $146 {[%emt 0:03:10]} ({Predecessor:} 12. Re1 h6 13. Bxf6 Qxf6 14. Rb1 Rd8 {0-1 (34) Goepfert,C (628)-Bianshi,J (895) LSS email 2010}) 12... e4 {[%emt 0:14:41]} 13. Be2 {[%emt 0:01:59]} d4 {[%emt 0:01:04]} 14. Rb1 {[%emt 0:04:43]} Nc6 {[%emt 0:00:47]} 15. f3 {[%emt 0:17:33]} e3 {[%emt 0:07:42]} 16. Rxb7 {[%emt 0:08:13]} Qc8 {[%emt 0:07:48]} 17. Rb6 {[%emt 0:04:15]} Nd7 {[%emt 0:00:26]} 18. Rxc6 {[%emt 0:11:45]} Qxc6 {[%emt 0:00:01]} 19. Qxd4 {[%emt 0:00:14]} Rfe8 {[%emt 0:02:34]} 20. Rd1 $14 {[%emt 0:17:17]} Nb6 {[%emt 0:07:01]} 21. f6 {[%emt 0:08:23]} Rac8 {[%emt 0:02:49]} 22. Qh4 {[%emt 0:04:05]} Qc5 {[%emt 0:02:06]} 23. Rd4 {[%emt 0:04:12]} Qa3 {[%emt 0:15:53]} 24. h3 {[%emt 0:03:28]} g6 {[%emt 0:03:07]} 25. Bf4 {[%emt 0:01:18]} h5 {[%emt 0:04:16]} 26. Rd6 {[%emt 0:03:05]} Nxc4 {[%emt 0:01:21]} 27. Bxc4 {[%emt 0:00:48]} Rxc4 {[%emt 0:00:02]} 28. Qg5 {[%emt 0:00:18]} Rxf4 {[%emt 0:00:51]} 29. Qxf4 {[%emt 0:00:24]} e2 {[%emt 0:00:51]} 30. Qh6 {[%emt 0:00:08]} e1=Q+ {[%emt 0:00:06]} 31. Kh2 {[%emt 0:00:16]} Qxd6+ {[%emt 0:00:04]} 0-1

[Event "Guimaraes Open 2018"]
[Site "Guimaraes"]
[Date "2018.10.07"]
[Round "6"]
[White "Pinho, Paulo Miguel Leitao"]
[Black "Machado, Carlos Antonio"]
[Result "1-0"]
[WhiteElo "2212"]
[BlackElo "1780"]
[Annotator "NA"]
[PlyCount "57"]
[EventDate "2018.10.04"]
[EventType "swiss"]
[EventCountry "POR"]
[SourceTitle "playchess.com"]
[Source "ChessBase"]
[SourceQuality "1"]
[TimeControl "5400+30"]

{[%evp 8,34,32,4,46,29,32767,25,32767,50,75,32767,121,89,32767,74,78,32767,32767,106,117,103,108,106,145,133,620,198,253]} 1. d4 {[%emt 0:18:35]} Nf6 {[%emt 0:00:00]} 2. c4 {[%emt 0:00:18]} g6 {[%emt 0:00:00]} 3. Nc3 {[%emt 0:00:05]} d5 {[%emt 0:01:11]} 4. Bf4 {[%emt 0:00:40]} Bg7 {[%emt 0:01:35]} 5. Rc1 {[%emt 0:00:12] LiveBook: 230 Games} O-O {[%emt 0:00:53]} 6. e3 {[%emt 0:00:10]} c6 {[%emt 0:01:40]} 7. Nf3 {[%emt 0:01:28]} a6 {[%emt 0:14:15] D93: Grünfeld: 4 Nf3 Bg7 5 Bf4 0-0 6 e3} (7... Bg4 8. h3 Bxf3 9. Qxf3 dxc4 10. Bxc4 Nbd7 11. O-O Qa5 12. Qe2 Rfe8 13. Rfd1 e5 14. dxe5 Nxe5 15. Bb3 Rad8 16. e4 Rxd1+ 17. Rxd1 Qb4 18. Bh2 {1-0 (35) Hess,R (2574)-Paragua,M (2512) New York 2018}) 8. h3 {[%emt 0:17:17]} Re8 {[%emt 0:03:31]} 9. Bd3 {[%emt 0:08:01]} Qa5 $146 {[%emt 0:17:27]} ({Predecessor:} 9... Nbd7 10. cxd5 cxd5 11. O-O Nf8 12. Na4 Ne6 13. Be5 b5 14. Nc5 Nxc5 15. Rxc5 {1-0 (23) Roggenstein,B (1879)-Schuler,G (2062) Schwaebisch Gmuend 2006}) 10. O-O {[%emt 0:00:31]} Nbd7 {[%emt 0:01:53]} 11. cxd5 {[%emt 0:00:47]} Nxd5 {[%emt 0:11:28]} 12. Nxd5 {[%emt 0:00:08]} Qxd5 {[%emt 0:00:12]} 13. Bc4 {[%emt 0:01:08]} Qa5 {[%emt 0:00:20]} 14. Ng5 {[%emt 0:02:06]} e6 {[%emt 0:00:38]} 15. Qf3 {[%emt 0:03:10]} h6 {[%emt 0:16:50]} 16. Ne4 {[%emt 0:02:24]} e5 $2 {[%emt 0:00:33] [#]} (16... Qd8 $16 17. Rfd1 Nb6) 17. dxe5 $18 {[%emt 0:08:27]} (17. Bxh6 $1 {[%mdl 512]} Rf8 (17... Bxh6 18. Qxf7+) 18. Qg4 Bxh6 19. Qxg6+ Bg7 20. Rfd1) 17... Re7 {[%emt 0:03:10]} 18. Nd6 {[%emt 0:10:03]} Bxe5 {[%emt 0:00:16]} 19. Nxf7 {[%emt 0:00:32]} Kh7 {[%emt 0:02:27]} 20. Bxe5 {[%emt 0:03:55]} Nxe5 {[%emt 0:00:19]} 21. Qf6 {[%emt 0:00:41]} Re8 {[%emt 0:07:46]} 22. Qf4 {[%emt 0:06:01]} Nxc4 {[%emt 0:04:38]} 23. Qxh6+ {[%emt 0:00:15]} Kg8 {[%emt 0:00:06]} 24. Qxg6+ {[%emt 0:01:56]} Kf8 {[%emt 0:00:09]} 25. Rxc4 {[%emt 0:02:06]} Re6 {[%emt 0:01:33]} 26. Qh7 {[%emt 0:00:22]} Rf6 {[%emt 0:00:38]} 27. Nh6 {[%emt 0:02:23]} Qh5 {[%emt 0:00:15]} 28. Qg8+ {[%emt 0:00:58]} Ke7 {[%emt 0:00:12]} 29. Qg7+ {[%emt 0:00:24]} 1-0

[Event "Guimaraes Open 2018"]
[Site "Guimaraes"]
[Date "2018.10.07"]
[Round "6"]
[White "Fidalgo, Andre Neves"]
[Black "Medarde Santiago, Luis Marcos"]
[Result "1/2-1/2"]
[WhiteElo "2181"]
[BlackElo "2384"]
[Annotator "NA"]
[PlyCount "79"]
[EventDate "2018.10.04"]
[EventType "swiss"]
[EventCountry "POR"]
[SourceTitle "playchess.com"]
[Source "ChessBase"]
[SourceQuality "1"]
[TimeControl "5400+30"]

1. d4 {[%emt 0:00:00]} Nf6 {[%emt 0:06:30]} 2. c4 {[%emt 0:00:00]} c5 {[%emt 0:01:24]} 3. d5 {[%emt 0:00:00]} e6 {[%emt 0:00:06]} 4. Nc3 {[%emt 0:00:00]} exd5 {[%emt 0:00:04]} 5. cxd5 {[%emt 0:00:03]} d6 {[%emt 0:00:06]} 6. Nf3 {[%emt 0:00:05]} g6 {[%emt 0:00:16]} 7. g3 {[%emt 0:00:13]} Bg7 {[%emt 0:00:07]} 8. Bg2 {[%emt 0:00:04]} O-O {[%emt 0:00:05]} 9. O-O {[%emt 0:00:06]} Re8 {[%emt 0:00:32]} 10. Bf4 {[%emt 0:00:07]} Na6 {[%emt 0:00:46]} 11. Re1 {[%emt 0:02:03] LiveBook: 132 Games A62: Modern Benoni: Fianchetto Variation without early ...Nbd7} Bg4 {[%emt 0:01:09]} 12. h3 {[%emt 0:01:32]} Bxf3 {[%emt 0:00:07]} 13. Bxf3 {[%emt 0:00:05]} Nd7 {[%emt 0:00:14]} 14. e4 {[%emt 0:03:04]} (14. Ne4 Ne5 15. Bg2 Nc7 16. g4 f5 17. gxf5 gxf5 18. Bg5 Qd7 {½-½ (66) Wojtaszek,R (2737)-Zhigalko,S (2638) Heraklio 2017}) 14... Qe7 {[%emt 0:06:53]} 15. Qd2 {[%emt 0:01:37] [#]} Rab8 $146 {[%emt 0:08:08]} ({Predecessor:} 15... Nc7 16. Be2 a6 17. a4 Rab8 18. Bf1 Bd4 19. Kg2 h5 20. Bg5 Qf8 21. Bh6 Qe7 22. Bg5 Qf8 23. Bh6 Qe7 {½-½ (23) Shinkevich,V (2474)-Fedorov,A (2598) Izhevsk 2011}) 16. a4 {[%emt 0:09:23]} Nb4 {[%emt 0:01:48]} 17. Be2 {[%emt 0:06:38]} a6 {[%emt 0:04:56]} 18. Bg5 {[%emt 0:09:51]} Qf8 {[%emt 0:02:54]} 19. Kg2 {[%emt 0:01:58]} Rbc8 {[%emt 0:05:28]} 20. Bg4 {[%emt 0:11:09]} Rc7 {[%emt 0:01:32]} 21. Bxd7 {[%emt 0:08:14]} ({Günstiger ist} 21. Rac1 $11) 21... Rxd7 {[%emt 0:00:15]} 22. a5 {[%emt 0:00:23]} h6 {[%emt 0:09:21]} 23. Be3 {[%emt 0:00:21]} Kh7 {[%emt 0:01:13]} 24. Rad1 {[%emt 0:19:24]} f5 {[%emt 0:04:17]} 25. exf5 {[%emt 0:00:09]} Qxf5 {[%emt 0:01:47]} 26. Bd4 $11 {[%emt 0:08:25]} cxd4 {[%emt 0:15:24]} 27. Rxe8 {[%emt 0:00:13]} dxc3 {[%emt 0:01:56]} 28. bxc3 {[%emt 0:00:07]} Nc2 {[%emt 0:01:12]} 29. Qe2 {[%emt 0:02:16]} Na3 {[%emt 0:08:06]} 30. c4 {[%emt 0:05:02]} Be5 {[%emt 0:08:54]} 31. Rd3 {[%emt 0:02:24]} Nb1 {[%emt 0:05:23]} 32. f4 {[%emt 0:00:46]} Bg7 {[%emt 0:02:12]} 33. Qc2 {[%emt 0:01:01]} Nc3 {[%emt 0:02:42]} 34. Rxc3 {[%emt 0:00:06]} Bxc3 {[%emt 0:00:16]} 35. Qxc3 {[%emt 0:00:07]} Rg7 {[%emt 0:00:11]} 36. Re3 {[%emt 0:02:26]} Rc7 {[%emt 0:00:46]} 37. Qb2 {[%emt 0:06:56]} h5 {[%emt 0:00:42]} 38. Qe2 {[%emt 0:00:20]} Kh6 {[%emt 0:00:33]} 39. Re6 {[%emt 0:01:12]} h4 {[%emt 0:00:26]} 40. Qe4 {[%emt 0:01:33]} 1/2-1/2

[Event "Guimaraes Open 2018"]
[Site "Guimaraes"]
[Date "2018.10.07"]
[Round "6"]
[White "Guimaraes, Rui Pinto"]
[Black "Silva, Pedro Gil Ferreira "]
[Result "1-0"]
[WhiteElo "2143"]
[BlackElo "1837"]
[Annotator "NA"]
[PlyCount "67"]
[EventDate "2018.10.04"]
[EventType "swiss"]
[EventCountry "POR"]
[SourceTitle "playchess.com"]
[Source "ChessBase"]
[SourceQuality "1"]
[TimeControl "5400+30"]

1. e4 {[%emt 0:09:45]} c6 {[%emt 0:00:00]} 2. Nc3 {[%emt 0:00:53]} d5 {[%emt 0:00:24]} 3. Nf3 {[%emt 0:00:10]} Bg4 {[%emt 0:00:20]} 4. h3 {[%emt 0:00:17]} Bxf3 {[%emt 0:00:23]} 5. Qxf3 {[%emt 0:06:46]} e6 {[%emt 0:02:07]} 6. d4 {[%emt 0:05:05]} dxe4 {[%emt 0:03:27]} 7. Nxe4 {[%emt 0:01:56]} Qxd4 {[%emt 0:10:17]} 8. Bd3 {[%emt 0:01:19]} Nd7 {[%emt 0:01:39]} 9. Be3 {[%emt 0:09:10]} Qd5 {[%emt 0:12:32]} 10. Rd1 {[%emt 0:22:16] LiveBook: 6 Partien} Ne5 {[%emt 0:06:02]} 11. Qf4 {[%emt 0:07:48]} Bb4+ {[%emt 0:14:35]} ({Better is} 11... Qa5+ $15 12. Bd2 Nxd3+ 13. cxd3 Qxa2) 12. Ke2 {[%emt 0:01:51]} Ng6 {[%emt 0:17:18] [#]} (12... Be7 $11) 13. Qc7 $16 {[%emt 0:09:31]} Qd7 {[%emt 0:01:16]} 14. Qg3 {[%emt 0:02:59]} e5 {[%emt 0:10:52]} 15. Ng5 {[%emt 0:05:54]} Nf4+ {[%emt 0:02:31]} 16. Bxf4 {[%emt 0:02:50]} exf4 {[%emt 0:00:16]} 17. Qxf4 {[%emt 0:00:10]} Qe7+ {[%emt 0:06:41]} 18. Kf1 {[%emt 0:04:36]} Nf6 {[%emt 0:02:19]} 19. Qh4 {[%emt 0:02:21]} O-O-O {[%emt 0:04:19]} 20. Nxf7 {[%emt 0:00:17]} Qxf7 {[%emt 0:00:26]} 21. Qxb4 {[%emt 0:00:02]} Nd5 {[%emt 0:01:33]} 22. Qg4+ {[%emt 0:00:33]} Kb8 {[%emt 0:00:10]} 23. Kg1 {[%emt 0:00:39]} Rhf8 {[%emt 0:00:21]} 24. Qg3+ {[%emt 0:00:28]} Ka8 {[%emt 0:00:20]} 25. Bc4 {[%emt 0:01:25]} Qf5 {[%emt 0:01:00]} 26. Bxd5 {[%emt 0:00:46]} Qxc2 {[%emt 0:00:58]} 27. Qb3 {[%emt 0:02:11]} Qxf2+ {[%emt 0:00:14]} 28. Kh2 {[%emt 0:00:04]} Qf4+ {[%emt 0:00:23]} 29. g3 {[%emt 0:00:41]} Qf2+ {[%emt 0:00:35]} 30. Bg2 {[%emt 0:00:06]} Rde8 {[%emt 0:00:15]} 31. Rhf1 {[%emt 0:00:38]} Qe2 {[%emt 0:01:34]} 32. Rd7 {[%emt 0:01:21]} b6 {[%emt 0:00:32]} 33. Rxf8 {[%emt 0:00:40]} Rxf8 {[%emt 0:00:06]} 34. Qa3 {[%emt 0:00:20]} 1-0

[Event "Guimaraes Open 2018"]
[Site "Guimaraes"]
[Date "2018.10.07"]
[Round "6"]
[White "Ferreira, Hugo Miguel Da Cost"]
[Black "Calzada Cruz, Osvaldo"]
[Result "1-0"]
[WhiteElo "2130"]
[BlackElo "1752"]
[Annotator "NA"]
[PlyCount "73"]
[EventDate "2018.10.04"]
[EventType "swiss"]
[EventCountry "POR"]
[SourceTitle "playchess.com"]
[Source "ChessBase"]
[SourceQuality "1"]
[TimeControl "5400+30"]

{[%evp 9,68,30,32767,32767,43,32767,42,32767,32767,32767,32767,32767,32767,32767,32767,32767,32767,163,153,32767,147,141,32767,32767,32767,32767,32767,159,203,221,32767,444,414,530,32767,568,554,566,687,694,758,788,842,706,32767,485,32767,32767,468,488,32767,32767,683,910,32767,32767,502,478,32767,499,742]} 1. d4 {[%emt 0:05:54]} e6 {[%emt 0:00:00]} 2. Nf3 {[%emt 0:00:35]} Nf6 {[%emt 0:00:24]} 3. Bf4 {[%emt 0:00:26]} Bb4+ {[%emt 0:01:26]} 4. c3 {[%emt 0:00:10]} Bd6 {[%emt 0:00:21]} 5. Bg5 {[%emt 0:00:12]} h6 {[%emt 0:00:21]} 6. Bh4 {[%emt 0:00:06]} b6 {[%emt 0:01:13]} 7. Nbd2 {[%emt 0:00:26]} Bb7 {[%emt 0:00:42]} 8. Qb1 {[%emt 0:01:16]} g5 {[%emt 0:00:43]} 9. Bg3 {[%emt 0:00:10]} Qe7 {[%emt 0:00:59]} 10. b4 {[%emt 0:07:29]} Nd5 {[%emt 0:06:02]} 11. Qb2 {[%emt 0:02:29]} Bxg3 {[%emt 0:16:31]} 12. hxg3 {[%emt 0:00:13]} Nc6 {[%emt 0:01:30]} 13. e4 {[%emt 0:01:39]} Nf6 {[%emt 0:03:12]} 14. Nxg5 {[%emt 0:00:36]} Ng4 {[%emt 0:00:39]} 15. Nh3 {[%emt 0:00:53]} f5 {[%emt 0:06:40]} 16. Be2 {[%emt 0:02:57]} a5 {[%emt 0:00:17]} 17. bxa5 {[%emt 0:03:57]} Nxa5 {[%emt 0:00:18]} 18. O-O {[%emt 0:02:01]} h5 {[%emt 0:00:53] [#]} 19. exf5 $1 {[%emt 0:00:59]} exf5 {[%emt 0:01:36]} 20. Rfe1 {[%emt 0:01:01]} Be4 {[%emt 0:07:33]} 21. f3 {[%emt 0:01:41]} Qd6 {[%emt 0:04:49]} 22. fxe4 {[%emt 0:00:28]} Qxg3 {[%emt 0:03:32]} 23. Nf1 {[%emt 0:00:07]} Qh4 {[%emt 0:00:28]} 24. exf5 {[%emt 0:01:26]} O-O-O {[%emt 0:00:11]} 25. Bf3 {[%emt 0:00:10]} d5 {[%emt 0:01:19]} 26. Nf4 {[%emt 0:01:55]} Nc4 {[%emt 0:01:59]} 27. Qb5 {[%emt 0:03:31]} Qf2+ {[%emt 0:06:23]} 28. Kh1 {[%emt 0:00:05]} Qh4+ {[%emt 0:00:21]} 29. Nh3 {[%emt 0:00:06]} Nf2+ {[%emt 0:08:41]} 30. Kh2 {[%emt 0:00:05]} Ng4+ {[%emt 0:00:32]} (30... Kb8 $142 31. Bxd5 Na3) 31. Kg1 {[%emt 0:00:04]} Nf6 {[%emt 0:14:25]} 32. Bxd5 {[%emt 0:02:23]} Nxd5 {[%emt 0:03:21]} 33. Qxc4 {[%emt 0:00:06]} Rhg8 {[%emt 0:00:30]} 34. Qd3 {[%emt 0:01:01]} Rg4 $18 {[%emt 0:04:25]} (34... Qg4 $142 35. Re2 Nxc3) 35. Qf3 {[%emt 0:00:35]} Rdg8 {[%emt 0:02:25]} 36. Re2 {[%emt 0:00:29]} Rf4 {[%emt 0:01:22]} 37. Qxd5 {[%emt 0:00:15]} 1-0

[Event "Guimaraes Open 2018"]
[Site "Guimaraes"]
[Date "2018.10.07"]
[Round "6"]
[White "Santos, Jose Guilherme Barr"]
[Black "Barrento, Jorge Maria Lopes"]
[Result "1-0"]
[WhiteElo "2108"]
[BlackElo "1696"]
[Annotator "NA"]
[PlyCount "161"]
[EventDate "2018.10.04"]
[EventType "swiss"]
[EventCountry "POR"]
[SourceTitle "playchess.com"]
[Source "ChessBase"]
[SourceQuality "1"]
[TimeControl "5400+30"]

1. e4 {[%emt 0:00:00]} d5 {[%emt 0:05:22]} 2. exd5 {[%emt 0:00:17]} Nf6 {[%emt 0:01:09]} 3. d4 {[%emt 0:00:18]} Bg4 {[%emt 0:00:13]} 4. Bb5+ {[%emt 0:02:48]} Nbd7 {[%emt 0:01:30]} 5. f3 {[%emt 0:05:46]} Bf5 {[%emt 0:01:43]} 6. Nc3 {[%emt 0:05:08] LiveBook: 39 Games} a6 {[%emt 0:02:54] B01: Scandinavian Defence} 7. Bd3 {[%emt 0:01:19]} (7. Ba4 b5 8. Bb3 Nb6 9. Nge2 Nbxd5 10. Nxd5 Nxd5 11. O-O Bc8 12. Ng3 g6 13. Ne4 Bg7 14. Re1 h6 15. c3 {1-0 (58) Gonzalez Vidal,Y (2546)-Lopez Gonzalez,A (2338) Merida 2017}) 7... Bxd3 {[%emt 0:02:17]} 8. Qxd3 {[%emt 0:00:04]} Nb6 {[%emt 0:00:16]} 9. Nge2 {[%emt 0:00:04]} Nbxd5 {[%emt 0:01:53]} 10. a3 {[%emt 0:03:32]} Nxc3 $146 {[%emt 0:01:42]} ({Predecessor:} 10... e6 11. Bg5 Nxc3 12. Nxc3 {½-½ (12) Galko,A (1875)-Petro,J (2079) Hungary 2013}) 11. Nxc3 {[%emt 0:00:44]} e6 {[%emt 0:01:06]} 12. b4 {[%emt 0:09:04]} Be7 {[%emt 0:10:48]} 13. O-O {[%emt 0:00:55]} c6 {[%emt 0:03:13]} 14. Be3 {[%emt 0:01:23]} Nd5 {[%emt 0:02:00]} 15. Nd1 {[%emt 0:18:57]} Nxe3 {[%emt 0:01:19]} 16. Nxe3 {[%emt 0:00:17]} O-O {[%emt 0:02:52]} 17. Rfd1 {[%emt 0:03:37]} Qc7 {[%emt 0:05:21]} 18. Nc4 {[%emt 0:04:30]} Rfd8 {[%emt 0:04:16]} 19. Qe4 {[%emt 0:00:44]} Bd6 {[%emt 0:05:13]} 20. g3 {[%emt 0:04:36]} Be7 {[%emt 0:03:36]} 21. c3 {[%emt 0:02:36]} Bf8 {[%emt 0:04:55]} 22. a4 {[%emt 0:02:51]} Bd6 {[%emt 0:04:55]} 23. a5 {[%emt 0:01:43]} Qe7 {[%emt 0:00:18]} 24. f4 {[%emt 0:00:53]} Re8 {[%emt 0:03:22]} 25. Rf1 {[%emt 0:01:00]} Rad8 {[%emt 0:03:25]} 26. Rae1 {[%emt 0:01:52]} Qf8 {[%emt 0:01:18]} 27. Rf3 {[%emt 0:00:30]} Bc7 {[%emt 0:02:11]} 28. Rfe3 {[%emt 0:01:38]} g6 {[%emt 0:00:30]} 29. Qf3 {[%emt 0:00:30]} Rd5 {[%emt 0:06:14]} 30. R3e2 {[%emt 0:04:53]} Rdd8 31. Nd2 {[%emt 0:00:55]} Bd6 {[%emt 0:02:08]} 32. Ne4 {[%emt 0:07:20]} Be7 33. Kh1 {[%emt 0:00:30]} h5 {[%emt 0:04:45]} 34. h3 {[%emt 0:00:25]} Qg7 {[%emt 0:00:51]} 35. Nf2 {[%emt 0:06:46]} Rd5 36. g4 {[%emt 0:00:30]} Bh4 {[%emt 0:03:51]} 37. Rg1 {[%emt 0:00:30]} Bxf2 {[%emt 0:00:30]} 38. Qxf2 {[%emt 0:00:30]} Red8 {[%emt 0:00:30]} 39. Qf3 {[%emt 0:00:30]} Qh6 {[%emt 0:00:30]} 40. Kg2 {[%emt 0:00:30]} Kh7 {[%emt 0:00:30]} 41. Kf1 {[%emt 0:00:30]} R8d7 {[%emt 0:00:30]} 42. Re4 {[%emt 0:00:30]} Qf8 {[%emt 0:00:30]} 43. Qg3 {[%emt 0:00:30]} Qh6 {[%emt 0:00:30]} 44. Rg2 {[%emt 0:00:30]} Kh8 {[%emt 0:00:30]} 45. Ke2 {[%emt 0:00:30]} Rd8 {[%emt 0:00:30]} 46. Re3 {[%emt 0:00:30]} Rg8 {[%emt 0:00:30]} 47. Rf3 {[%emt 0:00:30]} Qh7 {[%emt 0:00:30]} 48. Rd3 {[%emt 0:00:30]} Qh6 {[%emt 0:00:30]} 49. c4 {[%emt 0:00:30]} Rd7 {[%emt 0:00:30]} 50. Kd2 {[%emt 0:00:30]} Rgd8 {[%emt 0:00:30]} 51. Qf2 {[%emt 0:00:30]} Kg8 {[%emt 0:00:30]} 52. Kc3 {[%emt 0:00:30]} Qh8 {[%emt 0:00:30]} 53. Qe3 {[%emt 0:00:30]} h4 {[%emt 0:00:30]} (53... hxg4 $11 54. Rxg4 Rxd4 55. Rxd4 Rxd4 56. Rxg6+ fxg6 57. Qxd4 Qxh3+ 58. Kb2 Qf5) 54. Rdd2 {[%emt 0:00:30]} Qf6 {[%emt 0:00:30]} 55. Qe4 {[%emt 0:00:30]} Kg7 {[%emt 0:00:30]} 56. Rgf2 $2 {[%emt 0:00:30]} Qe7 {[%emt 0:00:30]} 57. Qe5+ {[%emt 0:00:30]} Qf6 $2 {[%emt 0:00:30] [#]} (57... Kh7 $16) 58. Qe4 {[%emt 0:00:30]} ({White should play} 58. g5 $1 $18 {[%cal Rg5f6]} Qxe5 59. fxe5) 58... Qe7 {[%emt 0:00:30]} 59. Rf3 {[%emt 0:00:30]} f5 {[%emt 0:00:30]} 60. Qe5+ {[%emt 0:00:30]} Qf6 {[%emt 0:00:30]} 61. Qe3 {[%emt 0:00:30]} fxg4 {[%emt 0:00:30]} 62. hxg4 {[%emt 0:00:30]} Rh8 {[%emt 0:00:30]} 63. g5 {[%emt 0:00:30]} Qf5 {[%emt 0:00:30]} 64. Qe5+ {[%emt 0:00:30]} Qxe5 {[%emt 0:00:30]} 65. fxe5 {[%emt 0:00:30]} Rf7 {[%emt 0:00:30]} 66. Rxf7+ {[%emt 0:00:30]} Kxf7 {[%emt 0:00:30]} 67. b5 {[%emt 0:00:30]} axb5 {[%emt 0:00:30]} 68. cxb5 {[%emt 0:00:30]} cxb5 {[%emt 0:00:30]} 69. Kb4 {[%emt 0:00:30]} h3 {[%emt 0:00:30]} 70. Rh2 {[%emt 0:00:30]} Rh4 {[%emt 0:00:30]} 71. Kxb5 {[%emt 0:00:30]} Rxd4 {[%emt 0:00:30]} 72. Rxh3 {[%emt 0:00:30]} Rd5+ {[%emt 0:00:30]} 73. Kb6 {[%emt 0:00:30]} Rxe5 {[%emt 0:00:30]} 74. Rh7+ {[%emt 0:00:30]} Kg8 {[%emt 0:00:30]} 75. Rxb7 {[%emt 0:00:30]} Rxg5 {[%emt 0:00:30]} 76. a6 {[%emt 0:00:30]} Rg1 {[%emt 0:00:30]} 77. a7 {[%emt 0:00:30]} Ra1 {[%emt 0:00:30]} 78. Kc5 {[%emt 0:00:30]} g5 {[%emt 0:00:30]} 79. Kd6 {[%emt 0:00:30]} g4 {[%emt 0:00:30]} 80. Ke5 {[%emt 0:00:30]} g3 {[%emt 0:00:30]} 81. Rb8+ {[%emt 0:00:30]} 1-0

[Event "Guimaraes Open 2018"]
[Site "Guimaraes"]
[Date "2018.10.07"]
[Round "6"]
[White "Fernandes, Joao Pedro Murtinho"]
[Black "Santos, Jose Miguel Sereno"]
[Result "1/2-1/2"]
[WhiteElo "2067"]
[BlackElo "1646"]
[Annotator "NA"]
[PlyCount "81"]
[EventDate "2018.10.04"]
[EventType "swiss"]
[EventCountry "POR"]
[SourceTitle "playchess.com"]
[Source "ChessBase"]
[SourceQuality "1"]
[TimeControl "5400+30"]

1. e4 {[%emt 0:01:05]} c6 {[%emt 0:00:00]} 2. d4 {[%emt 0:00:40]} d5 {[%emt 0:00:00]} 3. e5 {[%emt 0:00:04]} c5 {[%emt 0:00:00]} 4. dxc5 {[%emt 0:00:57]} Nc6 {[%emt 0:00:56]} 5. Nf3 {[%emt 0:00:05]} Bg4 {[%emt 0:03:00]} 6. c3 {[%emt 0:00:24] B12: Caro-Kann: Advance Variation} e6 {[%emt 0:01:25]} 7. Be3 {[%emt 0:00:12]} (7. b4 a6 8. Nbd2 Nxe5 9. Qa4+ Nd7 10. Ne5 Ngf6 11. c4 a5 12. Nb3 axb4 13. Qb5 Be7 {0-1 (53) Topalov,V (2760)-Nakamura,H (2779) London 2016 CBM 176 [Roiz,M]}) 7... Bxf3 {[%emt 0:00:29]} 8. Qxf3 {[%emt 0:00:06]} Nxe5 {[%emt 0:00:20]} 9. Bb5+ {[%emt 0:00:20]} Nc6 {[%emt 0:00:36]} 10. O-O {[%emt 0:00:35] LiveBook: 26 Games} Nf6 {[%emt 0:01:12]} 11. c4 {[%emt 0:07:21]} a6 {[%emt 0:03:45]} 12. Ba4 {[%emt 0:00:54]} Qa5 {[%emt 0:01:12]} 13. Nc3 {[%emt 0:05:07]} Be7 {[%emt 0:10:27]} 14. Qg3 $146 {[%emt 0:11:58]} O-O $1 {[%emt 0:05:48]} 15. cxd5 {[%emt 0:11:10]} exd5 {[%emt 0:00:38]} 16. Bh6 {[%emt 0:06:02]} g6 {[%emt 0:02:01]} (16... Nh5 $14 17. Qf3 Nf6) 17. Bxf8 {[%emt 0:00:27]} Bxf8 {[%emt 0:00:10]} (17... Rxf8 $16 18. Rad1 Qxc5) 18. Bb3 {[%emt 0:12:08]} Qxc5 {[%emt 0:06:30]} 19. Qf3 {[%emt 0:01:38]} Bg7 {[%emt 0:00:59]} 20. Nxd5 {[%emt 0:01:01]} ({Weaker is} 20. Bxd5 Nd4 $14) 20... Nxd5 {[%emt 0:00:11]} 21. Qxd5 {[%emt 0:00:14]} Qxd5 {[%emt 0:02:26]} 22. Bxd5 {[%emt 0:00:07]} Nb4 {[%emt 0:00:09]} 23. Bxb7 {[%emt 0:03:19]} Rb8 {[%emt 0:00:13]} 24. Bf3 {[%emt 0:00:57]} Bxb2 {[%emt 0:00:49]} 25. Rad1 {[%emt 0:04:17]} Nxa2 {[%emt 0:00:40]} 26. Rd7 {[%emt 0:01:16]} Nc3 {[%emt 0:00:13]} 27. Ra7 {[%emt 0:07:28]} Rb6 {[%emt 0:01:56]} 28. h3 {[%emt 0:02:48]} Kg7 {[%emt 0:01:02]} 29. Re1 {[%emt 0:00:23]} Nb5 {[%emt 0:08:47]} 30. Rb7 {[%emt 0:00:37]} Rf6 {[%emt 0:00:15]} 31. Ree7 $16 {[%emt 0:04:43]} Bd4 {[%emt 0:00:59]} 32. Red7 {[%emt 0:01:06]} Bc5 {[%emt 0:01:14]} 33. Rd5 {[%emt 0:00:30]} Ba3 {[%emt 0:01:44]} 34. Rd1 {[%emt 0:01:39]} Bc5 {[%emt 0:00:29]} 35. Rdd7 {[%emt 0:01:17]} Nd6 {[%emt 0:02:43]} 36. Rbc7 {[%emt 0:01:01]} Bb4 {[%emt 0:00:05]} 37. Bd5 {[%emt 0:04:16]} a5 {[%emt 0:01:30]} 38. Bb3 {[%emt 0:00:32]} h5 {[%emt 0:00:48]} 39. Kf1 {[%emt 0:01:30]} h4 {[%emt 0:01:21]} 40. Ke2 {[%emt 0:01:31]} Rf5 {[%emt 0:02:03]} 41. f3 {[%emt 0:03:00]} 1/2-1/2